000 00465 a2200121 4500
001 ART_40575
005 20260410162005.0
008 260409a
245 1 0 _aBreve análisis de la responsabilidad civil de los concesionarios viales a la luz del Código Civil y Comercail de la Nación
100 1 _aParrilli, Ernesto N.
700 1 _aRebaudi Basavilbaso, Ignacio M.
773 0 _tTemas de derecho civil
_g- Año 2, Nº 10 (oct. 2016)
_wREV34778
999 _c31647
_d31647